000 00590nam a2200205Ia 4500
003 GCL
008 140319s9999 xx 000 0 ara d
040 _aGCL /
_cGCL
082 0 4 _a811.094
_bت م
100 1 _aفتحى سعيد
245 1 0 _aمصر لم تنم /
_cفتحى سعيد
260 _a[S.N] :
_bالهيئة المصرية العامة للكتاب ،
_c1986
300 _a115 ص
490 _a
650 0 4 _aالشعر العربى
650 0 4 _aالادب العربى
650 0 4 _aالعصر الحديث
650 0 4 _aدواوين وقصائد
942 _2ddc
_cBK
999 _c30518
_d30518